Choosing how to plan your community's future (Record no. 82551)

MARC details
000 -LEADER
fixed length control field 01033cad a22001935a 4500
001 - CONTROL NUMBER
control field L150543
008 - FIXED-LENGTH DATA ELEMENTS--GENERAL INFORMATION
fixed length control field 100726e2010 xxk 000 0 eng d
035 ## - SYSTEM CONTROL NUMBER
System control number (Sirsi) u150543
041 0# - LANGUAGE CODE
Language code of text/sound track or separate title eng
110 2# - MAIN ENTRY--CORPORATE NAME
Corporate name or jurisdiction name as entry element United Kingdom
Subordinate unit Central Office of Information
-- DirectGov
9 (RLIN) 5169
245 00 - TITLE STATEMENT
Title Choosing how to plan your community's future
Remainder of title a community's right to build
Medium [electronic resource]
260 ## - PUBLICATION, DISTRIBUTION, ETC.
Date of publication, distribution, etc. 2010
520 ## - SUMMARY, ETC.
Summary, etc. Community Right to Build is a change in the law that would enable local people to make decisions about how their local areas should grow. If this new legislation is passed it would allow communities to develop new homes, shops and facilities and go ahead with developments that have overwhelming community support without the need for planning permission.
590 ## - LOCAL NOTE (RLIN)
Local note KA NTK
651 #4 - SUBJECT ADDED ENTRY--GEOGRAPHIC NAME
Geographic name United Kingdom
Chronological subdivision
690 ## - LOCAL SUBJECT ADDED ENTRY--TOPICAL TERM (OCLC, RLIN)
Topical term or geographic name as entry element ENVIRONMENTAL AND LAND CONSULTANCY-PLANNING AND DEVELOPMENT
856 48 - ELECTRONIC LOCATION AND ACCESS
Uniform Resource Identifier <a href="https://www.direct.gov.uk/en/Nl1/Newsroom/DG_189548">https://www.direct.gov.uk/en/Nl1/Newsroom/DG_189548</a>
Public note View the item free of charge at www.direct.gov
942 ## - ADDED ENTRY ELEMENTS (KOHA)
Suppress in OPAC 0
Holdings
Withdrawn status Lost status Source of classification or shelving scheme Damaged status Not for loan Home library Current library Shelving location Date acquired Total Checkouts Full call number Barcode Date last seen Copy number Price effective from Koha item type
    Dewey Decimal Classification     Virtual Virtual Online 26/07/2010   L150543 150543-2001 06/08/2019 1 06/08/2019 Journal article